[Event "13. Lichtenberger Sommer"]
[Site "?"]
[Date "2014.08.17"]
[Round "2.75"]
[White "Bergmann, Jens"]
[Black "Glase, Johan"]
[Result "1-0"]
[WhiteElo "1896"]
[BlackElo "1689"]
[PlyCount "55"]
[EventDate "2014.??.??"]
[WhiteTeam "SK Tempelhof 1931 e.V."]
[BlackTeam "Schachunion Berlin e.V."]

1. e4 c5 2. Nf3 Nc6 3. Be2 d6 4. O-O Nf6 5. d3 g6 6. c3 Bg7 7. Na3 O-O 8. h3 a6
9. Be3 b5 10. Qd2 Rb8 11. b4 c4 12. Nd4 Qc7 13. dxc4 bxc4 14. Qc2 Ne5 15. f4
Nd3 16. Nxc4 Qxc4 17. Bxd3 Qc7 18. Rab1 Bb7 19. c4 e5 20. fxe5 dxe5 21. Nb3
Rfd8 22. Nc5 Qd6 23. Rbd1 Qb6 24. Qf2 Qxb4 25. Rb1 Qc3 26. Rb3 Rxd3 27. Rxc3
Rxc3 28. Rb1 1-0

[Event "13. Lichtenberger Sommer"]
[Site "?"]
[Date "2014.08.17"]
[Round "2.76"]
[White "Pöltelt, Helmut"]
[Black "Geldner, Gerrit"]
[Result "0-1"]
[WhiteElo "1745"]
[BlackElo "1713"]
[PlyCount "104"]
[EventDate "2014.??.??"]
[WhiteTeam "SC Eintracht Berlin e.V."]
[BlackTeam "Schachunion Berlin e.V."]

1. c4 e5 2. Nc3 Nc6 3. g3 Nf6 4. Bg2 Bc5 5. e4 d6 6. h3 Bd7 7. d3 Nd4 8. a3 a6
9. b4 Ba7 10. a4 b5 11. axb5 axb5 12. Bb2 Bb6 13. Nge2 Rxa1 14. Bxa1 Qa8 15.
O-O c6 16. Nxd4 Bxd4 17. Ne2 Bxa1 18. Qxa1 O-O 19. cxb5 cxb5 20. Qb2 Rc8 21.
Kh2 Qa4 22. Nc3 Qa7 23. Ra1 Qd4 24. Ra3 Qxd3 25. Nd5 Qc2 26. Nxf6+ gxf6 27. Ra2
Qxb2 28. Rxb2 Rc4 29. g4 Kf8 30. Kg3 Ke7 31. h4 d5 32. f3 dxe4 33. fxe4 Bc6 34.
Kf2 Bxe4 35. Bf1 Rc2+ 36. Rxc2 Bxc2 37. Bxb5 f5 38. gxf5 Bxf5 39. Bc4 Be6 40.
Bd3 h6 41. b5 Kd6 42. Ke3 Kc5 43. Ke4 f6 44. Be2 Bd7 45. h5 Bxb5 46. Bxb5 Kxb5
47. Kf5 Kc5 48. Kg6 e4 49. Kxh6 e3 50. Kg7 e2 51. h6 e1=Q 52. h7 Qh4 0-1

[Event "13. Lichtenberger Sommer"]
[Site "?"]
[Date "2014.08.17"]
[Round "2.77"]
[White "Lange, Cecilia"]
[Black "Hirstel, Serge"]
[Result "0-1"]
[WhiteElo "1553"]
[BlackElo "1910"]
[PlyCount "102"]
[EventDate "2014.??.??"]
[WhiteTeam "TSG Oberschöneweide e.V."]
[BlackTeam "Hipsheim"]

1. e4 e5 2. Nf3 Nf6 3. d4 Nxe4 4. Bd3 d5 5. Nxe5 Nd7 6. Nxd7 Bxd7 7. O-O Be7 8.
c4 c6 9. Nc3 Nxc3 10. bxc3 dxc4 11. Bxc4 O-O 12. Be3 Qc8 13. Bd3 Bf5 14. Rb1 b6
15. Qc2 Bxd3 16. Qxd3 Qc7 17. Rb3 Rad8 18. Qc2 c5 19. dxc5 Bxc5 20. Bxc5 Qxc5
21. Rd1 Rfe8 22. Rxd8 Rxd8 23. c4 Rc8 24. Re3 h6 25. h3 b5 26. Rc3 bxc4 27. Qe2
Qd4 28. Qe3 Qxe3 29. Rxe3 f5 30. Rc3 Kf7 31. Kf1 Ke6 32. Ke2 Kd5 33. Kd2 Kd4
34. Kc2 Re8 35. Rf3 Re2+ 36. Kb1 g6 37. Rf4+ Kc3 38. Rf3+ Kd2 39. Kb2 Ke1+ 40.
Kc3 Rxa2 41. Kxc4 Rxf2 42. Rg3 g5 43. Re3+ Re2 44. Rf3 f4 45. Rd3 Rxg2 46. Rd6
h5 47. Rh6 f3 48. Re6+ Re2 49. Rxe2+ Kxe2 50. Kb5 f2 51. Ka6 f1=Q 0-1

[Event "13. Lichtenberger Sommer"]
[Site "?"]
[Date "2014.08.17"]
[Round "2.78"]
[White "Ritter, Uwe"]
[Black "Becker, Uwe"]
[Result "1/2-1/2"]
[WhiteElo "1945"]
[BlackElo "1743"]
[PlyCount "88"]
[EventDate "2014.??.??"]
[WhiteTeam "Reideburger SV 90 Halle"]
[BlackTeam "SV Glück auf Rüdersdorf e.V."]

1. f4 d6 2. Nf3 Nf6 3. e3 g6 4. d4 Bg7 5. Bd3 O-O 6. O-O Nbd7 7. f5 e5 8. fxe6
fxe6 9. Ng5 Nb6 10. Nd2 Bh6 11. Ndf3 Bd7 12. Qe1 Qe7 13. Qh4 Qg7 14. e4 Nh5 15.
Be3 Rae8 16. Rae1 e5 17. dxe5 dxe5 18. g3 Rf6 19. b3 Ref8 20. Kg2 Nc8 21. Bc4+
Kh8 22. Nxe5 Bxg5 23. Qxg5 Rxf1 24. Rxf1 Nf6 25. Nxd7 Nxd7 26. Bd4 Qxd4 27.
Rxf8+ Nxf8 28. e5 Qe4+ 29. Kg1 Qf5 30. Qd8 Kg7 31. Qxc7+ Qd7 32. Qc5 b6 33. Qf2
Qe7 34. Qf4 Ne6 35. Qg4 Kf7 36. Qf3+ Kg7 37. Qc6 Qc5+ 38. Qxc5 Nxc5 39. Kf2 Ne7
40. Ke3 h6 41. b4 Nf5+ 42. Kf4 Nb7 43. Ke4 Kf8 44. Bd3 Ne7 1/2-1/2

[Event "13. Lichtenberger Sommer"]
[Site "?"]
[Date "2014.08.17"]
[Round "2.79"]
[White "Radloff, Rainer"]
[Black "Schmalzried, Volker"]
[Result "0-1"]
[WhiteElo "1706"]
[BlackElo "1875"]
[PlyCount "76"]
[EventDate "2014.??.??"]
[WhiteTeam "SC Weisse Dame e.V."]

1. Nf3 c5 2. e3 Nc6 3. d4 cxd4 4. exd4 g6 5. c3 Bg7 6. Bd3 Nf6 7. O-O O-O 8.
Re1 d6 9. Nbd2 Re8 10. Nf1 e5 11. dxe5 dxe5 12. Ng3 e4 13. Nxe4 Nxe4 14. Bf4
Nc5 15. Bc4 Qxd1 16. Raxd1 Bg4 17. Ng5 Ne6 18. Bxe6 Bxe6 19. Nxe6 Rxe6 20. h3
Rxe1+ 21. Rxe1 Rd8 22. Kh2 h5 23. Re2 Kh7 24. Bg5 Rd7 25. g4 hxg4 26. hxg4 Bh6
27. Bf6 Rd2 28. Rxd2 Bxd2 29. Kg3 g5 30. Kf3 Kg6 31. Bd4 Nxd4+ 32. cxd4 Kf6 33.
Ke4 Ke6 34. d5+ Kd6 35. Kd4 Bf4 36. f3 Be5+ 37. Kc4 Bxb2 38. a4 a6 0-1

[Event "13. Lichtenberger Sommer"]
[Site "?"]
[Date "2014.08.17"]
[Round "2.80"]
[White "Guasti, Duccio"]
[Black "Kuhr, Stefan"]
[Result "1-0"]
[WhiteElo "1754"]
[BlackElo "1611"]
[PlyCount "41"]
[EventDate "2014.??.??"]
[WhiteTeam "BSC Rehberge 1945 e.V."]
[BlackTeam "SC Zugzwang 95 e.V."]

1. e4 e5 2. f4 exf4 3. Bc4 Be7 4. d4 Nc6 5. Bxf4 Na5 6. Bxf7+ Kxf7 7. Qh5+ Kf8
8. Qxa5 d6 9. Nf3 b6 10. Qd5 Bd7 11. Nc3 Nf6 12. Qb3 h6 13. e5 Nh5 14. Bd2 g5
15. Rf1 Nf4 16. O-O-O Be6 17. d5 Bf7 18. g3 Ng6 19. e6 Be8 20. Nxg5+ Bf6 21.
Nge4 1-0

[Event "13. Lichtenberger Sommer"]
[Site "?"]
[Date "2014.08.17"]
[Round "2.81"]
[White "Theilig, Reinhard"]
[Black "Grassi, Fabrizio"]
[Result "1/2-1/2"]
[WhiteElo "1675"]
[BlackElo "1893"]
[PlyCount "87"]
[EventDate "2014.??.??"]
[WhiteTeam "VfB Hermsdorf e.V."]
[BlackTeam "SV Berlin-Friedrichstadt"]

1. Nf3 d5 2. c4 c6 3. g3 Nf6 4. Bg2 Bf5 5. b3 e6 6. Bb2 Be7 7. cxd5 cxd5 8. O-O
Nc6 9. d3 O-O 10. Nbd2 h6 11. Rc1 Qb6 12. Ne5 Nxe5 13. Bxe5 Rac8 14. e4 dxe4
15. Nxe4 Bxe4 16. dxe4 Qa5 17. Rxc8 Rxc8 18. Qa1 Rc2 19. a4 Qd2 20. Qd4 Bc5 21.
Qxd2 Rxd2 22. Bxf6 gxf6 23. e5 fxe5 24. Bxb7 Rb2 25. Ba6 Rxb3 26. Rc1 Bd4 27.
Rc8+ Kg7 28. Rc2 e4 29. Kg2 e5 30. Re2 f5 31. Bc4 Rc3 32. Bd5 Kf6 33. g4 f4 34.
Bxe4 Kg5 35. f3 Kh4 36. Rc2 Ra3 37. Bc6 Ra1 38. h3 Rg1+ 39. Kh2 Rg3 40. Kh1
Rxh3+ 41. Rh2 Kg3 42. Rxh3+ Kxh3 43. Bd7 Kg3 44. Bc6 1/2-1/2

[Event "13. Lichtenberger Sommer"]
[Site "?"]
[Date "2014.08.17"]
[Round "2.82"]
[White "Wimmer, Thomas"]
[Black "Wilke, Hans-Peter"]
[Result "1-0"]
[WhiteElo "1881"]
[BlackElo "1474"]
[PlyCount "49"]
[EventDate "2014.??.??"]
[WhiteTeam "SK Marburg 1931/72"]
[BlackTeam "SVG Läufer Reinickendorf e.V."]

1. e4 c5 2. Nf3 d6 3. d4 cxd4 4. Nxd4 Nf6 5. Nc3 g6 6. Bc4 Bg7 7. Bb3 Nc6 8.
Nxc6 bxc6 9. e5 Nh5 10. g4 Bxe5 11. gxh5 Bxc3+ 12. bxc3 Qa5 13. Qf3 Qe5+ 14.
Kd1 d5 15. hxg6 hxg6 16. Bf4 Qf6 17. Qe3 Rh3 18. Bg3 Bg4+ 19. Kc1 Bf3 20. Re1
Kd7 21. Kb2 g5 22. Qd4 Qg6 23. Qe5 Be4 24. Qc7+ Ke8 25. f3 1-0

[Event "13. Lichtenberger Sommer"]
[Site "?"]
[Date "2014.08.17"]
[Round "2.83"]
[White "Bui, Bao Anh Le"]
[Black "Müller, Johannes"]
[Result "0-1"]
[WhiteElo "1576"]
[BlackElo "1845"]
[PlyCount "110"]
[EventDate "2014.??.??"]
[WhiteTeam "SV Mattnetz Berlin e.V."]
[BlackTeam "SC Eintracht Berlin e.V."]

1. e4 e6 2. d4 d5 3. Nc3 Bb4 4. exd5 exd5 5. Bd3 Nf6 6. a3 Ba5 7. Qe2+ Be6 8.
Nf3 O-O 9. h3 Re8 10. Be3 Ne4 11. Bxe4 dxe4 12. Nd2 f5 13. Nc4 c6 14. O-O Bc7
15. Rad1 f4 16. Bc1 Bd5 17. Nxd5 cxd5 18. Ne5 g5 19. Qg4 Qf6 20. Nd7 Nxd7 21.
Qxd7 Qd6 22. Qxd6 Bxd6 23. Rfe1 h5 24. f3 Rac8 25. Re2 Kg7 26. Rde1 e3 27. Rd1
Kf6 28. Rd3 Rc4 29. Kf1 g4 30. hxg4 hxg4 31. fxg4 Kg5 32. g3 f3 33. Rexe3 Rxe3
34. Bxe3+ Kxg4 35. c3 Bxg3 36. Bf2 Rc8 37. Kg1 Re8 38. Be3 Kf5 39. Bf2 Kf4 40.
Rd2 Rg8 41. Kf1 Bxf2 42. Rxf2 Ke3 43. Rc2 b5 44. Rf2 a5 45. Rh2 b4 46. axb4
axb4 47. Rf2 Ra8 48. Kg1 bxc3 49. bxc3 Ra1+ 50. Rf1 Ra2 51. Kh1 Rc2 52. Re1+
Kd3 53. Rf1 Ke2 54. Rg1 f2 55. Rg2 Ke1 0-1

[Event "13. Lichtenberger Sommer"]
[Site "?"]
[Date "2014.08.17"]
[Round "2.84"]
[White "Roth, Joachim"]
[Black "Günther, Boris"]
[Result "1-0"]
[WhiteElo "1930"]
[BlackElo "1538"]
[PlyCount "79"]
[EventDate "2014.??.??"]
[WhiteTeam "SG Bund"]
[BlackTeam "SF Friedrichshagen"]

1. c4 g6 2. Nc3 Bg7 3. g3 c5 4. Bg2 Nc6 5. a3 b6 6. e3 Bb7 7. Nge2 e6 8. O-O
Na5 9. Bxb7 Nxb7 10. b4 Nf6 11. Rb1 cxb4 12. axb4 O-O 13. d4 a5 14. Ba3 Re8 15.
d5 Rc8 16. Qb3 Qc7 17. Nb5 Qxc4 18. Qxc4 Rxc4 19. bxa5 bxa5 20. dxe6 fxe6 21.
Rfd1 d5 22. Nf4 Bf8 23. Bxf8 Kxf8 24. Nd4 Nc5 25. Rb6 Kf7 26. Nf3 Nfd7 27. Rc6
h6 28. Rc7 Kf6 29. Rc6 Kf7 30. Rc7 Kf6 31. h4 g5 32. hxg5+ hxg5 33. Ne2 Ne5 34.
Nfd4 a4 35. Kg2 Nb3 36. Ra7 Nxd4 37. Nxd4 Rec8 38. Rh1 Nc6 39. Rh6+ Ke5 40.
Rxe6# 1-0

[Event "13. Lichtenberger Sommer"]
[Site "?"]
[Date "2014.08.17"]
[Round "2.85"]
[White "Huebner, Alan-Ari"]
[Black "Zuccolo, Sebastian"]
[Result "1-0"]
[WhiteElo "1785"]
[BlackElo "1434"]
[PlyCount "45"]
[EventDate "2014.??.??"]
[WhiteTeam "vereinslos"]
[BlackTeam "ASD San Gregorio Pordenone"]

1. d4 Nf6 2. c4 e6 3. Nc3 Bb4 4. Bd2 Bxc3 5. Bxc3 Ne4 6. Qc2 Nxc3 7. Qxc3 b6 8.
e4 d5 9. cxd5 exd5 10. e5 O-O 11. Bd3 Ba6 12. Nf3 Bxd3 13. Qxd3 Nd7 14. O-O Rc8
15. Rfd1 Qe7 16. Rac1 Rfe8 17. Rc6 f6 18. Re1 Nc5 19. dxc5 Qd7 20. Qb5 a6 21.
Qa4 b5 22. Qxa6 Ra8 23. Qb7 1-0

[Event "13. Lichtenberger Sommer"]
[Site "?"]
[Date "2014.08.17"]
[Round "2.87"]
[White "Leyrer, Edgar"]
[Black "Schindler, Rudolf"]
[Result "1/2-1/2"]
[WhiteElo "1610"]
[BlackElo "1846"]
[PlyCount "69"]
[EventDate "2014.??.??"]
[WhiteTeam "SV Königsjäger Süd-West e.V."]
[BlackTeam "SG Lasker Steglitz-Wilmersdorf"]

1. d4 d5 2. c4 c6 3. Nc3 Nf6 4. cxd5 cxd5 5. Nf3 Nc6 6. Bg5 e6 7. e3 Be7 8. Bd3
h6 9. Bxf6 Bxf6 10. O-O O-O 11. Qb3 b6 12. Rac1 Bb7 13. Rfe1 Rc8 14. a3 Na5 15.
Qa2 Nc4 16. b3 Nd6 17. Rc2 Re8 18. Rec1 Ne4 19. Qb2 Nd6 20. Ne5 a6 21. Ne2 Qe7
22. Ng3 Bxe5 23. dxe5 Rxc2 24. Rxc2 Nf5 25. Nxf5 exf5 26. f4 Qd7 27. Qd4 b5 28.
b4 g6 29. Rc5 Re7 30. Kf2 Ba8 31. Bc2 Qb7 32. Bb3 Rd7 33. Bd1 Rd8 34. Bf3 Qd7
35. h3 1/2-1/2

[Event "13. Lichtenberger Sommer"]
[Site "?"]
[Date "2014.08.17"]
[Round "2.88"]
[White "Bolle, Dietrich"]
[Black "Kornath, Heinrich"]
[Result "0-1"]
[WhiteElo "1655"]
[BlackElo "1848"]
[PlyCount "33"]
[EventDate "2014.??.??"]
[WhiteTeam "SG Eckturm"]
[BlackTeam "SG Eckturm"]

1. d4 Nf6 2. c4 g6 3. Nc3 d6 4. Nf3 Nbd7 5. e4 e5 6. Be2 c6 7. O-O Bg7 8. Qc2
O-O 9. Rd1 Qb6 10. h3 Re8 11. Be3 Qc7 12. d5 cxd5 13. cxd5 Nh5 14. Rac1 Nf4 15.
Qd2 Nxe2+ 16. Qxe2 Qd8 17. Nb5 0-1

[Event "13. Lichtenberger Sommer"]
[Site "?"]
[Date "2014.08.17"]
[Round "2.90"]
[White "Möller, Dirk"]
[Black "Herrmann, Eberhard"]
[Result "1/2-1/2"]
[WhiteElo "1624"]
[BlackElo "1852"]
[PlyCount "134"]
[EventDate "2014.??.??"]
[WhiteTeam "SC Kreuzberg e.V."]
[BlackTeam "SC Friesen Lichtenberg e.V."]

1. e4 e5 2. Nf3 Nc6 3. Nc3 Bc5 4. Nxe5 Nxe5 5. d4 Bd6 6. dxe5 Bxe5 7. f4 Bxc3+
8. bxc3 d6 9. Bd3 Qh4+ 10. g3 Qf6 11. Bb2 Bh3 12. Qf3 c6 13. Rb1 Ne7 14. c4 Qh6
15. e5 O-O 16. exd6 Qxd6 17. Be5 Qe6 18. Kf2 Bg4 19. Qg2 Qd7 20. h3 Bf5 21.
Rbd1 f6 22. Bc3 Qc7 23. Bxf5 Nxf5 24. Qe4 Nh6 25. Qe6+ Kh8 26. Rd7 Qb6+ 27. Bd4
Qb4 28. Rd1 Rae8 29. Qd6 Qxc4 30. Rd2 Qxa2 31. Rxb7 Qa5 32. Bxa7 Nf5 33. Qd7
Rd8 34. Qxd8 Qxd8 35. Rxd8 Rxd8 36. Rb8 Rg8 37. g4 Rxb8 38. Bxb8 Nd4 39. c3 Nb5
40. c4 Na3 41. c5 Kg8 42. Ke3 Kf7 43. f5 Ke7 44. Kd4 g6 45. Kc3 Kd7 46. Kb4
Nc2+ 47. Kc3 Ne3 48. Kd4 Nd1 49. Bg3 Nb2 50. Bh4 Ke7 51. Ke4 Nc4 52. g5 fxg5
53. Bxg5+ Kf7 54. Kd4 Na5 55. Ke5 Nc4+ 56. Kd4 Nb2 57. Bc1 Na4 58. fxg6+ hxg6
59. Kc4 Kf6 60. Kb4 Nxc5 61. Kxc5 g5 62. Kxc6 Kf5 63. Kd6 g4 64. h4 g3 65. h5
g2 66. Be3 g1=Q 67. Bxg1 Kg5 1/2-1/2

[Event "13. Lichtenberger Sommer"]
[Site "?"]
[Date "2014.08.17"]
[Round "2.91"]
[White "Fuchs, Gabriele"]
[Black "Bauer, Stefan"]
[Result "1-0"]
[WhiteElo "1708"]
[BlackElo "1614"]
[PlyCount "89"]
[EventDate "2014.??.??"]
[WhiteTeam "SF Kraichtal"]
[BlackTeam "SC Kreuzberg e.V."]

1. e4 c5 2. Nf3 d6 3. Bb5+ Bd7 4. Bxd7+ Nxd7 5. d4 Ngf6 6. e5 dxe5 7. dxe5 Ng4
8. e6 fxe6 9. Ng5 Ngf6 10. Nxe6 Qb6 11. Qe2 Kf7 12. Ng5+ Ke8 13. Nc3 e5 14. Qc4
Rg8 15. Qf7+ Kd8 16. Ne6+ Kc8 17. Nd5 Qd6 18. c4 b6 19. O-O Nxd5 20. Qxg8 N5f6
21. Qf7 Qe7 22. Qxe7 Bxe7 23. Nxg7 Kb7 24. Nf5 Bf8 25. Bd2 Ne4 26. Rad1 Ndf6
27. f3 Nxd2 28. Rxd2 a5 29. Rfd1 e4 30. Rd8 Rxd8 31. Rxd8 exf3 32. gxf3 Bh6 33.
Nxh6 Kc7 34. Rf8 Nd7 35. Rf7 Kd6 36. Rxh7 Ne5 37. Nf5+ Ke6 38. Nh4 Nxc4 39. b3
Nd2 40. Rh6+ Ke5 41. Rxb6 Nb1 42. Rb5 Kd4 43. Rxa5 Nc3 44. Nf5+ Kd5 45. b4 1-0

[Event "13. Lichtenberger Sommer"]
[Site "?"]
[Date "2014.08.17"]
[Round "2.92"]
[White "Gnaß, Erhard"]
[Black "Strowig, Justin"]
[Result "0-1"]
[WhiteElo "1539"]
[BlackElo "1855"]
[PlyCount "100"]
[EventDate "2014.??.??"]
[WhiteTeam "SK Zehlendorf e.V."]
[BlackTeam "SV Mattnetz Berlin e.V."]

1. b3 Nc6 2. Bb2 d5 3. d4 Nf6 4. Nf3 Bf5 5. a3 e6 6. e3 Bd6 7. Be2 Qe7 8. O-O
e5 9. Bb5 e4 10. Ne5 O-O 11. Bxc6 bxc6 12. Nxc6 Qe6 13. Ne5 Ng4 14. h3 Nxe5 15.
dxe5 Bxe5 16. Bxe5 Qxe5 17. Qd4 Qd6 18. Nc3 c6 19. Ne2 c5 20. Qd2 Rfd8 21. Rad1
Rd7 22. a4 Rad8 23. c3 Qb6 24. Qb2 Rb7 25. Rb1 a5 26. Rfd1 Be6 27. Nf4 Qc6 28.
c4 Rbd7 29. Nh5 f6 30. Rbc1 dxc4 31. Rxd7 Qxd7 32. bxc4 Qd2 33. Qxd2 Rxd2 34.
Rb1 Bxc4 35. Rb8+ Kf7 36. Rb7+ Kg6 37. Nf4+ Kh6 38. Ra7 g5 39. Rxa5 gxf4 40.
exf4 Rd5 41. g4 Be2 42. Kg2 f5 43. g5+ Kg6 44. Ra8 Rd6 45. Ra7 c4 46. h4 Rc6
47. Ra8 c3 48. Rg8+ Kh5 49. Rh8 c2 50. Kh3 Rc3+ 0-1

[Event "13. Lichtenberger Sommer"]
[Site "?"]
[Date "2014.08.17"]
[Round "2.93"]
[White "Korell, Klaus-Peter"]
[Black "Toth, Hans-Jürgen"]
[Result "1-0"]
[WhiteElo "1901"]
[BlackElo "1631"]
[PlyCount "67"]
[EventDate "2014.??.??"]
[WhiteTeam "SG TT/Wiheil"]
[BlackTeam "Schachfreunde Zehdenick 76 e.V."]

1. d4 f5 2. Nc3 Nf6 3. g3 e6 4. Bg2 d5 5. Nf3 Bb4 6. Bd2 O-O 7. O-O Nc6 8. a3
Bd6 9. Rc1 Qe8 10. Nb5 Ne4 11. Nxd6 cxd6 12. Bf4 b6 13. Nd2 Qd7 14. f3 Nf6 15.
Be3 Bb7 16. c4 Ne7 17. Qb3 dxc4 18. Nxc4 Rac8 19. Bf4 Rc6 20. e4 d5 21. Ne5 Qe8
22. Nxc6 Bxc6 23. e5 Nh5 24. Bg5 Ng6 25. Bd2 Bb5 26. Rfe1 Bc4 27. Qd1 Qb5 28.
Bb4 Rf7 29. b3 Bd3 30. Re3 a5 31. Bd6 Nhf4 32. gxf4 Nxf4 33. Rc8+ Rf8 34. Rxf8#
1-0

[Event "13. Lichtenberger Sommer"]
[Site "?"]
[Date "2014.08.17"]
[Round "2.94"]
[White "Kaufmann, Mathias"]
[Black "Schilly, Hans-Joachim"]
[Result "0-1"]
[WhiteElo "1559"]
[BlackElo "1804"]
[PlyCount "82"]
[EventDate "2014.??.??"]
[BlackTeam "SF Siemensstadt"]

1. c4 e5 2. d3 Nf6 3. Nf3 Nc6 4. Nc3 d5 5. cxd5 Nxd5 6. Nxd5 Qxd5 7. g3 Be6 8.
Bg2 Bb4+ 9. Bd2 Bxd2+ 10. Qxd2 Qd7 11. a3 O-O 12. O-O Bh3 13. Rac1 Bxg2 14.
Kxg2 Rfe8 15. Qc2 Rac8 16. Rfd1 Nd4 17. Nxd4 exd4 18. Rd2 Re6 19. Qd1 Rh6 20.
Qh1 c5 21. Rdc2 b6 22. b4 Qd5+ 23. Kg1 Qxh1+ 24. Kxh1 Rhc6 25. bxc5 Rxc5 26.
Rxc5 Rxc5 27. Rxc5 bxc5 28. Kg2 Kf8 29. Kf3 Ke7 30. Ke4 Ke6 31. f4 f5+ 32. Kf3
Kd5 33. h3 c4 34. dxc4+ Kxc4 35. g4 g6 36. a4 a5 37. Kf2 Kb4 38. Ke1 Kxa4 39.
Kd2 Kb3 40. Kc1 a4 41. Kb1 Kc3 0-1

[Event "13. Lichtenberger Sommer"]
[Site "?"]
[Date "2014.08.17"]
[Round "2.95"]
[White "Krüger, Ekkehard"]
[Black "Kostanyan, Hakob"]
[Result "1-0"]
[WhiteElo "1798"]
[BlackElo "1517"]
[PlyCount "109"]
[EventDate "2014.??.??"]
[WhiteTeam "SG Narva Berlin e.V."]
[BlackTeam "SC Weisse Dame e.V."]

1. e4 e5 2. Nf3 Nc6 3. Bc4 Nf6 4. d3 d6 5. Ng5 d5 6. exd5 Nxd5 7. Qf3 f6 8.
Bxd5 Nd4 9. Bf7+ Ke7 10. Qd1 fxg5 11. Bxg5+ Kxf7 12. Bxd8 Bg4 13. f3 Be6 14.
Bxc7 Rc8 15. c3 Nf5 16. Bxe5 Bc5 17. d4 Bb6 18. g4 Ne3 19. Qe2 Nd5 20. O-O Rhe8
21. Qd3 g6 22. Kh1 Bd7 23. Nd2 Bc7 24. Rae1 Bxe5 25. Rxe5 Rxe5 26. dxe5 Bc6 27.
Ne4 Ke7 28. c4 Nb6 29. Qd6+ Ke8 30. Qe6+ Kd8 31. Rd1+ Nd7 32. Ng5 Kc7 33. Qd6+
Kb6 34. e6 Nf8 35. c5+ Ka6 36. Qd3+ b5 37. cxb6+ Kxb6 38. e7 Nd7 39. Qe3+ Kb7
40. e8=Q Rxe8 41. Qxe8 Nb6 42. Qe7+ Ka6 43. Rd3 h6 44. Ra3+ Kb5 45. Ne4 Bxe4
46. fxe4 h5 47. b4 Kc6 48. Rc3+ Kb5 49. Qc5+ Ka6 50. a4 hxg4 51. Qb5+ Kb7 52.
a5 Ka8 53. a6 g5 54. Qe8+ Nc8 55. Qxc8# 1-0

[Event "13. Lichtenberger Sommer"]
[Site "?"]
[Date "2014.08.17"]
[Round "2.96"]
[White "Ziems, Michael"]
[Black "Kammler, Hans-Joachim"]
[Result "1-0"]
[WhiteElo "1809"]
[BlackElo "1504"]
[PlyCount "38"]
[EventDate "2014.??.??"]
[WhiteTeam "SV Empor Berlin e.V."]

1. d4 Nf6 2. c4 d6 3. Nc3 Nbd7 4. Nf3 g6 5. g3 Bg7 6. Bg2 O-O 7. O-O a5 8. b3
Re8 9. Bb2 c6 10. e3 Qc7 11. Rc1 e5 12. dxe5 dxe5 13. Ba3 e4 14. Ng5 h6 15.
Ngxe4 Nxe4 16. Nxe4 c5 17. Nd6 Re6 18. Nb5 Qe5 19. Rc2 Ra7 1-0

[Event "13. Lichtenberger Sommer"]
[Site "?"]
[Date "2014.08.17"]
[Round "2.97"]
[White "Paris, Gerhard"]
[Black "Stiemerling, Andreas"]
[Result "0-1"]
[WhiteElo "1536"]
[BlackElo "1699"]
[PlyCount "96"]
[EventDate "2014.??.??"]
[WhiteTeam "TSG Oberschöneweide e.V."]
[BlackTeam "SSV Rotation Berlin e.V."]

1. e4 e6 2. d4 d5 3. e5 Ne7 4. Nf3 Ng6 5. c4 c5 6. dxc5 Bxc5 7. Nc3 Nd7 8. cxd5
Ndxe5 9. Bb5+ Bd7 10. dxe6 fxe6 11. Nxe5 Bxb5 12. Qxd8+ Rxd8 13. Nxg6 hxg6 14.
Nxb5 a6 15. Nc3 O-O 16. O-O Rf5 17. Be3 Bxe3 18. fxe3 Rd2 19. Rxf5 gxf5 20. Rb1
Kf7 21. Kf1 Kf6 22. Ne2 Ke5 23. Ke1 Rd3 24. Kf2 Rd2 25. Kf3 g5 26. g3 g4+ 27.
Kf2 Ke4 28. Ke1 Kxe3 29. Nc3 Rxh2 30. Kf1 Kf3 31. Kg1 Rg2+ 32. Kf1 Rxg3 33. Ne2
Rg2 34. Nd4+ Kg3 35. Nxe6 f4 36. b4 Rxa2 37. Nd4 f3 38. Rc1 Rh2 39. Nf5+ Kf4
40. Kg1 Rg2+ 41. Kh1 Kxf5 42. b5 Kf4 43. bxa6 bxa6 44. Rc4+ Kg3 45. Rxg4+ Kf2
46. Ra4 Rg6 47. Ra2+ Kg3 48. Ra1 Rh6+ 0-1

[Event "13. Lichtenberger Sommer"]
[Site "?"]
[Date "2014.08.17"]
[Round "2.98"]
[White "Krusemark, Gerhard"]
[Black "Stark, Steven"]
[Result "1-0"]
[WhiteElo "1755"]
[BlackElo "1502"]
[PlyCount "53"]
[EventDate "2014.??.??"]
[WhiteTeam "TSG Rot-Weiß Fredersdorf/Vogelsd"]
[BlackTeam "VfB Hermsdorf e.V."]

1. e4 g6 2. d4 Bg7 3. Nc3 c6 4. Be3 h6 5. Nf3 b5 6. Bd3 Bb7 7. e5 e6 8. Ne4 Bf8
9. O-O Na6 10. c3 Nc7 11. b3 d5 12. exd6 Bxd6 13. Nxd6+ Qxd6 14. c4 a6 15. Qd2
g5 16. Rfe1 O-O-O 17. Ne5 Rf8 18. Rac1 Nf6 19. cxb5 axb5 20. a4 Nd7 21. axb5
Nxe5 22. dxe5 Qd5 23. Rc5 Qxb3 24. Rb1 Qa3 25. bxc6 Ba6 26. Bxa6+ Qxa6 27. Qd7#
1-0

[Event "13. Lichtenberger Sommer"]
[Site "?"]
[Date "2014.08.17"]
[Round "2.99"]
[White "Schmole-Rostosky, Joachim"]
[Black "Olaizola, Miguel"]
[Result "0-1"]
[WhiteElo "1650"]
[BlackElo "1773"]
[PlyCount "70"]
[EventDate "2014.??.??"]
[WhiteTeam "SF Schwarz-Weiß Merzhausen"]
[BlackTeam "SK Zehlendorf e.V."]

1. e4 e5 2. Nf3 Nc6 3. Bb5 Bc5 4. c3 Nf6 5. d3 O-O 6. Bg5 d5 7. O-O dxe4 8.
Bxf6 Qxf6 9. dxe4 Rd8 10. Qe2 Bg4 11. h3 Bxf3 12. Qxf3 Qxf3 13. gxf3 Ne7 14. b4
Bb6 15. a4 a5 16. Ra2 axb4 17. cxb4 Rd4 18. Rd2 Ng6 19. a5 Ba7 20. a6 bxa6 21.
Rxd4 Bxd4 22. Bc6 Rb8 23. b5 axb5 24. Rc1 Nf4 25. Rc2 Nxh3+ 26. Kf1 b4 27. Bd5
c5 28. Ra2 Nf4 29. Ra7 Nxd5 30. exd5 c4 31. Rd7 c3 32. Rc7 f5 33. d6 Rd8 34. d7
Kf7 35. Ke2 Ke7 0-1

[Event "13. Lichtenberger Sommer"]
[Site "?"]
[Date "2014.08.17"]
[Round "2.100"]
[White "Walther, Lothar"]
[Black "Schmitt, Jens-Ole"]
[Result "0-1"]
[WhiteElo "1530"]
[BlackElo "1691"]
[PlyCount "98"]
[EventDate "2014.??.??"]
[WhiteTeam "SV Turbine Berlin e.V."]
[BlackTeam "SG Narva Berlin e.V."]

1. Nf3 c5 2. g3 Nf6 3. c4 e6 4. Bg2 Be7 5. b3 O-O 6. Nc3 Nc6 7. O-O d5 8. e3 b6
9. Bb2 Bb7 10. Re1 a6 11. Ne2 Qc7 12. Qc2 e5 13. d3 d4 14. exd4 exd4 15. Bc1
Rfe8 16. Bf4 Bd6 17. Qd2 Nh5 18. Bxd6 Qxd6 19. Nh4 Nf6 20. Qg5 Bc8 21. Qf4 Qxf4
22. Nxf4 Bb7 23. Kf1 Na5 24. Bxb7 Nxb7 25. Nhg2 Na5 26. h4 Ng4 27. Kg1 Ne5 28.
Re2 Nf3+ 29. Kh1 Rxe2 30. Nxe2 Re8 31. Ngf4 Nc6 32. Kg2 Nfe5 33. Re1 Nb4 34.
Kf1 Nexd3 35. Nxd3 Nxd3 36. Rd1 Ne5 37. f4 Ng4 38. Nc1 Ne3+ 39. Ke1 Nxd1+ 40.
Kxd1 Re3 41. Kd2 Rxg3 42. Nd3 Rg2+ 43. Kc1 Rxa2 44. Nb2 Rxb2 45. Kxb2 a5 46.
Kc2 f5 47. Kd3 Kf7 48. h5 Kf6 49. Kd2 g5 0-1

[Event "13. Lichtenberger Sommer"]
[Site "?"]
[Date "2014.08.17"]
[Round "2.101"]
[White "Kujawa, Werner"]
[Black "Fontaine, Constantin"]
[Result "1-0"]
[WhiteElo "1814"]
[BlackElo "1580"]
[PlyCount "87"]
[EventDate "2014.??.??"]
[WhiteTeam "SV Motor Wildau e.V."]
[BlackTeam "SK Tempelhof 1931 e.V."]

1. Nf3 g6 2. e4 Bg7 3. d4 d6 4. Be2 Nf6 5. Nc3 O-O 6. h3 Nc6 7. Be3 h6 8. Qd2
e5 9. d5 Ne7 10. Bxh6 Kh7 11. Ng5+ Kh8 12. Bxg7+ Kxg7 13. O-O-O a5 14. f4 Nh5
15. Bxh5 gxh5 16. fxe5 dxe5 17. Rhf1 f6 18. Ne6+ Bxe6 19. dxe6 Qxd2+ 20. Rxd2
Ra6 21. Rd7 Rxe6 22. Rxc7 Kg6 23. Rxb7 f5 24. exf5+ Nxf5 25. Ra7 Ref6 26. Rxa5
Ng3 27. Rxf6+ Rxf6 28. Rxe5 Rf1+ 29. Kd2 Rf2+ 30. Ne2 Rxg2 31. Kd3 Kf6 32. Re3
Nf5 33. Rf3 Ke5 34. c3 Nh4 35. Rf8 Rh2 36. Re8+ Kf6 37. Re3 Rh1 38. c4 Nf5 39.
Rf3 Ke5 40. Rxf5+ Kxf5 41. Ng3+ Kf4 42. Nxh1 Kf3 43. c5 Kg2 44. c6 1-0